000 00834nam a2200289 a 4500
001 000113869
003 CHAP
005 20220329144416.0
008 171003s2004 sp |r| ||||||spa d
010 _a110330
011 _a111302
020 _a8484761843
040 _cCHAP
082 0 4 _a663.2
_bS83 2004
100 0 0 _aSuárez Lepe, José Antonio.
_9110707
245 1 0 _aMicrobiología enologica :
_bfundamentos de vinificación /
_cpor José Antonio Suárez Lepe y Baldomero Iñigo Leal.
250 _a3 ed.
260 _aMadrid :
_bMundi-Prensa,
_c2004.
300 _a716 p.
590 _aE5765TAJ
_b05
_c20171003
_lUCH01
_h0952
650 1 4 _aUva
_xEnfermedades.
_9117126
650 1 4 _aVid
_xEnfermedades y plagas.
_9119111
700 0 _aIñigo Leal, Baldomero.
_960272
901 _aBK
942 _cLIBRO
942 _n0
999 _c110330
_d110330